000 01167nam0a2200313 4500
001 RU\NLR\bibl\1310590
005 20250615153929.0
010 _a978-5-98358-206-4
_92000
021 _aRU
_b2008-87351
_95098
035 _a(NLR Aleph) 001296047
090 _a589346
_c589346
100 _a20081222d2008 |||y0rusy50 ca
101 1 _arus
_cspa
102 _aRU
105 _aa |||||||||
200 1 _aСчитанные дни
_e[роман]
_fХуан Мадрид
_gпер. с исп. Ирины Плахиной
210 _aМосква
_cФлюид
_d2008
215 _a295, [1] с.
_cил.
_d19
300 _aВ макете и в вып. дан. загл.: Считанные дни, или Диалоги обреченных
517 0 _aДиалоги обреченных
517 1 _6z17790
_aСчитанные дни, или Диалоги обреченных
686 _aШ6(4Ис)67-440.4{Лх1569-50}
700 1 _aМадрид
_bХ.
_f1947-
_gХуан
_4070
790 1 _6z17517
_aМадрид
_bХ.
_f1947-
_gХуан
_4070
801 0 _aRU
_bNLR
_c20081222
_gRCR
801 1 _aRU
_bNLR
_c20081222
942 _cBOOK
980 _aNB